Last 100 words of the Fellowship of the Ring - Statistics

General Stats
  • This quiz has been taken 126 times
  • The average score is 41 of 100
Answer Stats
Word % Correct
a
100%
the
93%
and
85%
Sam
76%
to
76%
of
73%
they
71%
it
59%
Then
53%
was
53%
their
46%
into
44%
as
42%
could
42%
There
42%
boat
41%
at
39%
At
39%
that
37%
water,
37%
end
34%
them
34%
would
34%
land
29%
Land
29%
shore.
27%
shore,
27%
down
25%
over
25%
far
22%
Emyn
20%
Muil,
20%
out,
20%
give,
19%
off,
19%
came
17%
Shadow.
15%
again
14%
hid
14%
path
14%
well
14%
great
12%
hills
12%
above
10%
Amon
10%
grey
10%
hard
10%
towards
10%
across
8%
behind
8%
bring
8%
found
8%
high
8%
pass
8%
seeking
8%
set
8%
southern
8%
upon
8%
work
8%
burdens,
7%
current
7%
drew
7%
eastward
7%
island
7%
Lhaw.
7%
shouldering
7%
slopes
7%
southward
7%
boulder.
5%
drive
3%
length
3%
shelving
3%
No matching quizzes found
Score Distribution
Percent of People with Each Score
Percentile by Number Answered
Your Score History
You have not taken this quiz